[Event "Gibtelecom Masters 2005"]
[Site "Gibraltar ENG"]
[Date "2005.01.30"]
[Round "6.39"]
[White "Van Eijk, Sander"]
[Black "Diaz Montenegro, Ignacio"]
[Result "1-0"]
[WhiteElo "2216"]
[BlackElo "2090"]
[PlyCount "90"]
[EventDate "2005.01.26"]
[EventType "swiss"]
[EventRounds "10"]
[EventCountry "ENG"]
[Source "lmi"]
[SourceDate "2005.02.03"]

1. e4 d5 2. exd5 Qxd5 3. Nc3 Qa5 4. d4 c6 5. Nf3 Bf5 6. Bd2 Nf6 7. Ne4 Qc7 8.
Nxf6+ gxf6 9. g3 Nd7 10. Bg2 e6 11. O-O O-O-O 12. c4 Bd3 13. Bf4 e5 14. Qxd3
exf4 15. Qf5 fxg3 16. fxg3 Kb8 17. c5 h5 18. Kh1 Be7 19. Nh4 Nf8 20. Qf2 Ng6
21. Nf5 h4 22. g4 Bf8 23. b4 Ne7 24. b5 Nxf5 25. gxf5 h3 26. Be4 cxb5 27. Rab1
Qa5 28. Qf4+ Qc7 29. Qf2 Qa5 30. Rfd1 a6 31. Qg3+ Ka7 32. a4 b4 33. Qb3 Rh4 34.
Bf3 Rf4 35. Rd3 Rxf5 36. Qxb4 Qxb4 37. Rxb4 Rxf3 38. Rxf3 Bxc5 39. Rc4 Rxd4 40.
Rxd4 Bxd4 41. Rxh3 Kb6 42. Rh8 Ka5 43. Rb8 b6 44. Rb7 Bc5 45. Rb8 Bd4 1-0

[Event "Gibtelecom Masters 2005"]
[Site "Gibraltar ENG"]
[Date "2005.01.30"]
[Round "6.40"]
[White "Fossum, Oystein Boyum"]
[Black "Heyl, Thomas"]
[Result "1/2-1/2"]
[WhiteElo "2214"]
[BlackElo "2070"]
[PlyCount "58"]
[EventDate "2005.01.26"]
[EventType "swiss"]
[EventRounds "10"]
[EventCountry "ENG"]
[Source "lmi"]
[SourceDate "2005.02.03"]

1. e4 c5 2. Nf3 e6 3. d4 cxd4 4. Nxd4 a6 5. Nc3 Qc7 6. Bd3 Nf6 7. O-O d6 8. Qe2
Be7 9. Bd2 Nc6 10. Nb3 b5 11. Rfe1 O-O 12. a4 b4 13. Na2 a5 14. Rac1 Qb7 15. c3
bxc3 16. Rxc3 Bd7 17. Rec1 Bd8 18. Bb5 Ne5 19. Bxd7 Qxd7 20. f4 Neg4 21. h3
Qa7+ 22. Kh1 Nf2+ 23. Kh2 N6xe4 24. Re3 d5 25. Nc3 Qb8 26. Nxe4 Nxe4 27. Rf3
Bb6 28. Rc6 Rc8 29. Qb5 Bc7 1/2-1/2

[Event "Gibtelecom Masters 2005"]
[Site "Gibraltar ENG"]
[Date "2005.01.30"]
[Round "6.41"]
[White "Vea, Odin Blikra"]
[Black "Van den Bersselaar, Jeroen"]
[Result "0-1"]
[WhiteElo "2077"]
[BlackElo "2211"]
[PlyCount "74"]
[EventDate "2005.01.26"]
[EventType "swiss"]
[EventRounds "10"]
[EventCountry "ENG"]
[Source "lmi"]
[SourceDate "2005.02.03"]

1. e4 e5 2. Nf3 Nc6 3. d4 exd4 4. Bc4 Nf6 5. e5 Ne4 6. O-O d5 7. Bb5 Bg4 8.
Qxd4 Bc5 9. Qa4 Bd7 10. c4 Nb4 11. cxd5 Bxb5 12. Qxb5+ c6 13. Qe2 cxd5 14. Nbd2
Nxd2 15. Bxd2 Nc6 16. b4 Bb6 17. e6 O-O 18. b5 Ne7 19. Bb4 f6 20. Rad1 Re8 21.
Nh4 Qc7 22. Bxe7 Qxe7 23. Rfe1 Qb4 24. Nf5 g6 25. Nh6+ Kg7 26. Ng4 Bd4 27. Qf3
h5 28. Qxd5 Rad8 29. Qxb7+ Re7 30. Qc6 hxg4 31. Rb1 Qd2 32. Red1 Qxf2+ 33. Kh1
Rh8 34. Qd6 Bc5 35. Rd2 Bxd6 36. Rxf2 Bxh2 37. Re2 Be5+ 0-1

[Event "Gibtelecom Masters 2005"]
[Site "Gibraltar ENG"]
[Date "2005.01.30"]
[Round "6.42"]
[White "White, Kevin"]
[Black "Ofstad, Per"]
[Result "1-0"]
[WhiteElo "2035"]
[BlackElo "2202"]
[PlyCount "93"]
[EventDate "2005.01.26"]
[EventType "swiss"]
[EventRounds "10"]
[EventCountry "ENG"]
[Source "lmi"]
[SourceDate "2005.02.03"]

1. d4 d5 2. Nf3 Nf6 3. c3 Nbd7 4. Bg5 Ne4 5. Bh4 Ndf6 6. Nbd2 c6 7. e3 Bf5 8.
Qb3 Qb6 9. c4 e6 10. c5 Nxd2 11. Nxd2 Qxb3 12. axb3 e5 13. Nf3 Nd7 14. b4 Be7
15. Bxe7 Kxe7 16. Nxe5 Nxe5 17. dxe5 Rhd8 18. f3 h5 19. Be2 Ke6 20. O-O h4 21.
f4 d4 22. Bc4+ Ke7 23. e4 Bxe4 24. f5 f6 25. Rae1 Bd5 26. Bd3 Re8 27. e6 h3 28.
g3 Rh8 29. Rf4 Rad8 30. Ra1 a6 31. Rg4 g5 32. fxg6 Bxe6 33. Re1 Rd5 34. g7 Rg8
35. Bh7 Re5 36. Rxe5 fxe5 37. Bxg8 Bxg8 38. Kf2 Kf7 39. Re4 Kf6 40. Ke2 Kf5 41.
Rh4 e4 42. Rf4+ Ke5 43. Rf8 Bc4+ 44. Ke1 e3 45. g8=Q Bxg8 46. Rxg8 d3 47. Rg4
1-0

[Event "Gibtelecom Masters 2005"]
[Site "Gibraltar ENG"]
[Date "2005.01.30"]
[Round "6.43"]
[White "Saud, Mohamed"]
[Black "Nicholson, John"]
[Result "1/2-1/2"]
[WhiteElo "2198"]
[BlackElo "2026"]
[PlyCount "62"]
[EventDate "2005.01.26"]
[EventType "swiss"]
[EventRounds "10"]
[EventCountry "ENG"]
[Source "lmi"]
[SourceDate "2005.02.03"]

1. d4 d5 2. c4 e6 3. Nf3 Nf6 4. e3 c6 5. Nc3 Bd6 6. Qc2 Nbd7 7. Bd3 e5 8. cxd5
cxd5 9. Nb5 Bb8 10. dxe5 Nxe5 11. Nxe5 Bxe5 12. f4 Bb8 13. Bd2 O-O 14. Rc1 Re8
15. O-O a6 16. Nc7 Bxc7 17. Qxc7 Bd7 18. Qxb7 Rb8 19. Qxa6 Rxb2 20. Rc2 Rxc2
21. Bxc2 Ng4 22. Qd3 g6 23. Qxd5 Nxe3 24. Bxe3 Rxe3 25. f5 Qb6 26. Kh1 Bc6 27.
Qd2 Be4 28. Rb1 Qc5 29. Rb8+ Kg7 30. f6+ Kxf6 31. Qf2+ Qf5 1/2-1/2

[Event "Gibtelecom Masters 2005"]
[Site "Gibraltar ENG"]
[Date "2005.01.30"]
[Round "6.44"]
[White "Carame Gonzales, Francisco"]
[Black "Patterson, Roger"]
[Result "0-1"]
[WhiteElo "2008"]
[BlackElo "2195"]
[PlyCount "70"]
[EventDate "2005.01.26"]
[EventType "swiss"]
[EventRounds "10"]
[EventCountry "ENG"]
[Source "lmi"]
[SourceDate "2005.02.03"]

1. e4 e5 2. Nf3 Nc6 3. Bb5 a6 4. Ba4 Nf6 5. O-O b5 6. Bb3 Bc5 7. d3 d6 8. c3
O-O 9. Nbd2 h6 10. Re1 Re8 11. Nf1 d5 12. Ng3 dxe4 13. Nxe4 Bb6 14. Qe2 Bb7 15.
Be3 Nxe4 16. dxe4 Bxe3 17. Qxe3 Na5 18. Rad1 Qe7 19. Bc2 Nc4 20. Qc1 Rad8 21.
Nd2 Nxd2 22. Rxd2 Rxd2 23. Qxd2 Rd8 24. Qe2 Qg5 25. Rd1 Rxd1+ 26. Qxd1 f5 27.
f3 fxe4 28. fxe4 Bxe4 29. Bxe4 Qe3+ 30. Kf1 Qxe4 31. Qd8+ Kh7 32. Qxc7 Qb1+ 33.
Kf2 Qxb2+ 34. Kf1 Qb1+ 35. Kf2 Qxa2+ 0-1

[Event "Gibtelecom Masters 2005"]
[Site "Gibraltar ENG"]
[Date "2005.01.30"]
[Round "6.45"]
[White "Gonzalez Amaya, Milan"]
[Black "Walton, Alan J"]
[Result "0-1"]
[WhiteElo "1931"]
[BlackElo "2181"]
[PlyCount "30"]
[EventDate "2005.01.26"]
[EventType "swiss"]
[EventRounds "10"]
[EventCountry "ENG"]
[Source "lmi"]
[SourceDate "2005.02.03"]

1. e4 e6 2. d4 d5 3. Nc3 Nf6 4. e5 Nfd7 5. f4 c5 6. Nf3 Nc6 7. Be3 Qb6 8. b3
cxd4 9. Nxd4 Bb4 10. Qd3 Nc5 11. Qd2 Ne4 12. Nxc6 Qxc6 13. Bb5 Bxc3 14. Bxc6+
bxc6 15. Qxc3 Nxc3 0-1

[Event "Gibtelecom Masters 2005"]
[Site "Gibraltar ENG"]
[Date "2005.01.30"]
[Round "6.46"]
[White "Osuna Vega, Enrique"]
[Black "Kuenitz, Klaus"]
[Result "1-0"]
[WhiteElo "2173"]
[BlackElo "1994"]
[PlyCount "36"]
[EventDate "2005.01.26"]
[EventType "swiss"]
[EventRounds "10"]
[EventCountry "ENG"]
[Source "lmi"]
[SourceDate "2005.02.03"]

1. e4 e6 2. d4 d5 3. Nc3 dxe4 4. Nxe4 Nd7 5. Nf3 Ngf6 6. Nxf6+ Nxf6 7. Bd3 c5
8. dxc5 Bxc5 9. Qe2 O-O 10. O-O b6 11. Bg5 Bb7 12. Rad1 Qe7 13. Ne5 Rfd8 14.
Rd2 h6 15. Bh4 g5 16. Bg3 Nd5 17. Qh5 Qf6 18. Ng4 Kg7 1-0

[Event "Gibtelecom Masters 2005"]
[Site "Gibraltar ENG"]
[Date "2005.01.30"]
[Round "6.48"]
[White "Matto, Manuel"]
[Black "Mohamed, Mehdi Aithmido"]
[Result "0-1"]
[WhiteElo "2082"]
[BlackElo "2122"]
[PlyCount "56"]
[EventDate "2005.01.26"]
[EventType "swiss"]
[EventRounds "10"]
[EventCountry "ENG"]
[Source "lmi"]
[SourceDate "2005.02.03"]

1. e4 e5 2. Nc3 Nc6 3. Nf3 Nf6 4. a3 Be7 5. Bc4 Nxe4 6. Bxf7+ Kxf7 7. Nxe4 d5
8. Ng3 Rf8 9. d3 Kg8 10. h3 Qe8 11. Be3 Qg6 12. Qe2 a6 13. O-O-O b5 14. Bd2 Bd6
15. h4 Bg4 16. h5 Qf7 17. h6 g6 18. Qe3 b4 19. Ng5 bxa3 20. Nxf7 a2 21. Bc3
a1=Q+ 22. Kd2 Bxd1 23. Nxd6 cxd6 24. Rxd1 Qa2 25. b3 d4 26. Bxd4 Nxd4 27. Qe4
Qxc2+ 28. Ke3 Qxf2# 0-1

[Event "Gibtelecom Masters 2005"]
[Site "Gibraltar ENG"]
[Date "2005.01.30"]
[Round "6.55"]
[White "Gomez Zambrana, Pedro Alfonso"]
[Black "Gonzalez Nunez, Millan"]
[Result "1-0"]
[WhiteElo "2019"]
[BlackElo "1931"]
[PlyCount "63"]
[EventDate "2005.01.26"]
[EventType "swiss"]
[EventRounds "10"]
[EventCountry "ENG"]
[Source "lmi"]
[SourceDate "2005.02.03"]

1. Nf3 c5 2. e3 d6 3. b3 Nf6 4. Bb2 Nc6 5. d4 cxd4 6. exd4 Bg4 7. Nbd2 d5 8.
Bd3 a6 9. O-O e6 10. a3 Bd6 11. h3 Bh5 12. Qe1 O-O 13. Ne5 Bxe5 14. dxe5 Nd7
15. f4 Rc8 16. c4 Qb6+ 17. Kh1 Nc5 18. Bc2 Rfd8 19. Qh4 Bg6 20. f5 exf5 21.
cxd5 Rxd5 22. Nc4 Qd8 23. Qg3 f4 24. Qxf4 Bxc2 25. Qxf7+ Kh8 26. Nd6 Rxd6 27.
exd6 Qg8 28. Rac1 Bd3 29. Rxc5 Bxf1 30. Qxf1 Qxb3 31. Bxg7+ Kxg7 32. Rg5+ 1-0

[Event "Gibtelecom Masters 2005"]
[Site "Gibraltar ENG"]
[Date "2005.01.31"]
[Round "7.2"]
[White "Dreev, Alexey"]
[Black "Nakamura, Hikaru"]
[Result "1/2-1/2"]
[WhiteElo "2704"]
[BlackElo "2613"]
[PlyCount "57"]
[EventDate "2005.01.26"]
[EventType "swiss"]
[EventRounds "10"]
[EventCountry "ENG"]
[Source "lmi"]
[SourceDate "2005.02.03"]

1. d4 d5 2. c4 e5 3. dxe5 d4 4. Nf3 Nc6 5. g3 Nge7 6. Bg2 Ng6 7. Bg5 Qd7 8. e6
fxe6 9. a3 a5 10. Qa4 h6 11. Bc1 e5 12. Nbd2 Be7 13. O-O O-O 14. b4 Nd8 15.
Qxd7 Bxd7 16. b5 a4 17. Ne1 c6 18. Rb1 cxb5 19. cxb5 Ra5 20. Be4 Nh8 21. Nd3
Nhf7 22. Nc4 Rxb5 23. Rxb5 Bxb5 24. Ncxe5 Nxe5 25. Nxe5 Bd6 26. Bd5+ Kh7 27.
Be4+ Kg8 28. Bd5+ Kh7 29. Be4+ 1/2-1/2

[Event "Gibtelecom Masters 2005"]
[Site "Gibraltar ENG"]
[Date "2005.01.31"]
[Round "7.3"]
[White "Aronian, Levon"]
[Black "Kotronias, Vasilios"]
[Result "1-0"]
[WhiteElo "2684"]
[BlackElo "2585"]
[PlyCount "97"]
[EventDate "2005.01.26"]
[EventType "swiss"]
[EventRounds "10"]
[EventCountry "ENG"]
[Source "lmi"]
[SourceDate "2005.02.03"]

1. Nf3 Nf6 2. c4 g6 3. g3 Bg7 4. Bg2 O-O 5. O-O d6 6. Nc3 e5 7. h3 c6 8. e4
Nbd7 9. d3 a6 10. Rb1 Re8 11. Be3 b5 12. b4 Bb7 13. Nd2 Rc8 14. a4 Bf8 15. axb5
cxb5 16. Qb3 Bc6 17. Ra1 Ra8 18. Ra3 Nb6 19. Qc2 Bd7 20. Qb2 Na4 21. Nxa4 bxa4
22. Nb1 Rb8 23. Bd2 Qb6 24. Nc3 Qxb4 25. Qxb4 Rxb4 26. Bg5 d5 27. Bxf6 dxc4 28.
Nd5 Rb3 29. Ra2 cxd3 30. Bg5 Bg7 31. Bf3 h6 32. Be3 Reb8 33. Kg2 Bb5 34. Rc1
Bf8 35. Bd1 Kg7 36. Rca1 a5 37. Bxb3 axb3 38. Rxa5 d2 39. Rxb5 Rxb5 40. Bxd2 b2
41. Rb1 Bc5 42. Nc3 Rb3 43. Nd1 Bd4 44. Be3 Rb4 45. Kf3 f5 46. exf5 gxf5 47.
Bxd4 Rxd4 48. Ne3 Rd2 49. Nxf5+ 1-0

[Event "Gibtelecom Masters 2005"]
[Site "Gibraltar ENG"]
[Date "2005.01.31"]
[Round "7.4"]
[White "Avrukh, Boris"]
[Black "Sutovsky, Emil"]
[Result "0-1"]
[WhiteElo "2629"]
[BlackElo "2669"]
[PlyCount "84"]
[EventDate "2005.01.26"]
[EventType "swiss"]
[EventRounds "10"]
[EventCountry "ENG"]
[Source "lmi"]
[SourceDate "2005.02.03"]

1. d4 Nf6 2. c4 g6 3. Nf3 Bg7 4. g3 O-O 5. Bg2 c5 6. Nc3 d5 7. dxc5 dxc4 8. Qa4
Nd5 9. O-O Nxc3 10. bxc3 Qd5 11. Nd4 Qxc5 12. Ba3 Qc7 13. Rab1 a6 14. Rfd1 Bd7
15. Qb4 Nc6 16. Qxb7 Qxb7 17. Rxb7 Nxd4 18. cxd4 Bg4 19. Rxe7 Rae8 20. h3 Bxe2
21. Re1 Rxe7 22. Bxe7 Re8 23. Bc5 c3 24. Bc6 Re6 25. d5 Re4 26. d6 Rc4 27. Rxe2
Bf6 28. Ba3 c2 29. Re8+ Kg7 30. Rc8 c1=Q+ 31. Bxc1 Rxc1+ 32. Kg2 Rd1 33. d7 Rd6
34. Kf3 h5 35. Ke4 Rd4+ 36. Ke3 Rd6 37. f4 Kh6 38. Ba4 Kg7 39. Rc4 Bd8 40. Bc6
Bb6+ 41. Ke4 f5+ 42. Kf3 Rd2 0-1

[Event "Gibtelecom Masters 2005"]
[Site "Gibraltar ENG"]
[Date "2005.01.31"]
[Round "7.5"]
[White "Efimenko, Zahar"]
[Black "Georgiev, Kiril"]
[Result "1-0"]
[WhiteElo "2601"]
[BlackElo "2654"]
[PlyCount "131"]
[EventDate "2005.01.26"]
[EventType "swiss"]
[EventRounds "10"]
[EventCountry "ENG"]
[Source "lmi"]
[SourceDate "2005.02.03"]

1. e4 e5 2. Nf3 Nc6 3. Bb5 Nf6 4. d3 d6 5. c3 g6 6. Nbd2 Bg7 7. O-O O-O 8. Re1
Bd7 9. Nf1 Re8 10. Bg5 h6 11. Bd2 Na5 12. Bxd7 Qxd7 13. Ne3 Nc6 14. c4 Ng4 15.
Nd5 Ne7 16. h3 Nxd5 17. cxd5 Nf6 18. Rc1 Rec8 19. b4 a6 20. Qb3 c6 21. dxc6
bxc6 22. Rc2 Qb7 23. Rec1 Rc7 24. Qa4 Rac8 25. Be3 Nd7 26. Nd2 d5 27. Nb3 d4
28. Na5 Nb6 29. Qb3 Qa8 30. Bd2 Nd7 31. Nc4 Re8 32. f4 exf4 33. Bxf4 Ne5 34.
Bxe5 Bxe5 35. Nxe5 Rxe5 36. Qb2 a5 37. Qxd4 Qa7 38. Rc5 Rxc5 39. bxc5 Rd7 40.
Rc3 f5 41. exf5 gxf5 42. Ra3 Kf7 43. Rxa5 Ke6 44. Rxa7 Rxd4 45. Ra6 Kd5 46. Kf2
Kxc5 47. Ra5+ Kb4 48. Rxf5 Rxd3 49. Rf4+ Kc3 50. Rf6 c5 51. Rxh6 c4 52. Rc6
Rd2+ 53. Kf3 Kd3 54. h4 c3 55. h5 c2 56. h6 Rd1 57. g4 Rf1+ 58. Kg3 c1=Q 59.
Rxc1 Rxc1 60. g5 Rh1 61. Kf4 Kd4 62. Kf5 Rh2 63. a4 Kd5 64. Kf6 Kd6 65. Kg7 Rg2
66. g6 1-0

[Event "Gibtelecom Masters 2005"]
[Site "Gibraltar ENG"]
[Date "2005.01.31"]
[Round "7.7"]
[White "Rogers, Ian"]
[Black "Gormally, Daniel"]
[Result "0-1"]
[WhiteElo "2594"]
[BlackElo "2472"]
[PlyCount "92"]
[EventDate "2005.01.26"]
[EventType "swiss"]
[EventRounds "10"]
[EventCountry "ENG"]
[Source "lmi"]
[SourceDate "2005.02.03"]

1. b3 e5 2. Bb2 Nc6 3. e3 d5 4. Bb5 Bd6 5. Nf3 Bg4 6. h3 Bxf3 7. Qxf3 Nge7 8.
c4 O-O 9. cxd5 Nb4 10. Na3 a6 11. Be2 f5 12. g4 f4 13. Qe4 Nexd5 14. Nc4 Nf6
15. Qf5 b5 16. a3 bxc4 17. Bxc4+ Kh8 18. axb4 fxe3 19. fxe3 Nd7 20. Qh5 Nf6 21.
Qh4 Ne4 22. Qxd8 Raxd8 23. Rh2 Bxb4 24. Ba3 a5 25. Bxb4 axb4 26. h4 Ra8 27.
Rxa8 Rxa8 28. Bd5 Ra1+ 29. Ke2 Nc3+ 30. Kd3 Nxd5 31. Rf2 Ra8 32. Rf5 Re8 33. g5
g6 34. Rf7 Re7 35. Rf8+ Kg7 36. Rd8 Nb6 37. Ke4 Rd7 38. Re8 Kf7 39. Rh8 Ke6 40.
Re8+ Re7 41. Rb8 Kd6 42. Kf3 e4+ 43. Kg4 Kc5 44. Kf4 Nd7 45. Rb7 Ne5 46. Kxe4
Nc4+ 0-1

[Event "Gibtelecom Masters 2005"]
[Site "Gibraltar ENG"]
[Date "2005.01.31"]
[Round "7.8"]
[White "Al Sayed, Mohamad Naser"]
[Black "Spraggett, Kevin"]
[Result "0-1"]
[WhiteElo "2463"]
[BlackElo "2589"]
[PlyCount "114"]
[EventDate "2005.01.26"]
[EventType "swiss"]
[EventRounds "10"]
[EventCountry "ENG"]
[Source "lmi"]
[SourceDate "2005.02.03"]

1. d4 Nf6 2. c4 e6 3. Nc3 Bb4 4. Qc2 d5 5. a3 Bxc3+ 6. Qxc3 dxc4 7. Qxc4 b6 8.
f3 Ba6 9. Qa4+ Qd7 10. Qxd7+ Nbxd7 11. e4 Bxf1 12. Kxf1 c5 13. Be3 Ke7 14. Ne2
Rhc8 15. Kf2 cxd4 16. Bxd4 e5 17. Bc3 Ke6 18. Rhd1 a5 19. g4 Rc6 20. g5 Ne8 21.
Rd5 Rd6 22. Rad1 Rxd5 23. exd5+ Ke7 24. f4 exf4 25. Kf3 g6 26. Nd4 Nd6 27. Kxf4
Kf8 28. b4 Re8 29. Re1 axb4 30. Rxe8+ Kxe8 31. Bxb4 Nc4 32. Nc6 f5 33. h4 b5
34. h5 Ndb6 35. Ne7 Kf7 36. h6 Nd7 37. Nc8 Ke8 38. Ne7 Nde5 39. Ng8 Ng4 40. d6
Nb6 41. Ne7 Kf7 42. Bc5 Nd7 43. Bd4 Nf8 44. Kg3 Ne6 45. Bb6 Ne5 46. Be3 Nc4 47.
Bf4 Nxf4 48. Kxf4 Nxd6 49. Nd5 Nc4 50. Nf6 Nxa3 51. Ke5 b4 52. Kd4 f4 53. Nd7
Ke6 54. Nf8+ Kf5 55. Nxh7 Nb5+ 56. Kc4 f3 57. Nf6 f2 0-1

[Event "Gibtelecom Masters 2005"]
[Site "Gibraltar ENG"]
[Date "2005.01.31"]
[Round "7.11"]
[White "Hamdouchi, Hichem"]
[Black "Jasim, AR Saleh"]
[Result "1/2-1/2"]
[WhiteElo "2555"]
[BlackElo "2340"]
[PlyCount "60"]
[EventDate "2005.01.26"]
[EventType "swiss"]
[EventRounds "10"]
[EventCountry "ENG"]
[Source "lmi"]
[SourceDate "2005.02.03"]

1. e4 e6 2. d4 d5 3. Nc3 dxe4 4. Nxe4 Nd7 5. Nf3 Ngf6 6. Bg5 h6 7. Nxf6+ Nxf6
8. Bxf6 Qxf6 9. Bb5+ c6 10. Bd3 g6 11. Qe2 Bg7 12. c3 O-O 13. h4 Rd8 14. O-O-O
Bd7 15. h5 g5 16. Ne5 c5 17. Nxd7 Rxd7 18. dxc5 Rc7 19. Bc2 Rxc5 20. Rh3 Rd8
21. Rxd8+ Qxd8 22. Qe4 Re5 23. Rd3 Rd5 24. Rf3 Re5 25. Rd3 Rd5 26. g4 Rxd3 27.
Bxd3 Qd5 28. Kd2 Qd7 29. Kc2 Qc7 30. Qa4 Qb6 1/2-1/2

[Event "Gibtelecom Masters 2005"]
[Site "Gibraltar ENG"]
[Date "2005.01.31"]
[Round "7.13"]
[White "Wells, Peter K"]
[Black "Estremera Panos, Sergio"]
[Result "1-0"]
[WhiteElo "2519"]
[BlackElo "2384"]
[PlyCount "59"]
[EventDate "2005.01.26"]
[EventType "swiss"]
[EventRounds "10"]
[EventCountry "ENG"]
[Source "lmi"]
[SourceDate "2005.02.03"]

1. d4 Nf6 2. c4 e6 3. Nc3 Bb4 4. e3 O-O 5. Bd3 d5 6. Nf3 c5 7. O-O cxd4 8. exd4
dxc4 9. Bxc4 b6 10. Bg5 Bb7 11. Ne5 Bxc3 12. bxc3 Qc7 13. Bb3 Nbd7 14. Nxd7
Nxd7 15. Qg4 Kh8 16. Rfe1 Qxc3 17. Rec1 Qa5 18. Rc7 Bd5 19. Bc2 f5 20. Qg3 Rf7
21. Qd6 Qb5 22. Re1 Kg8 23. Rxe6 Bxe6 24. Qxe6 Raf8 25. Bb3 Kh8 26. Be7 Nf6 27.
Rc8 Rxc8 28. Qxc8+ Ne8 29. Qe6 Qd3 30. g3 1-0

[Event "Gibtelecom Masters 2005"]
[Site "Gibraltar ENG"]
[Date "2005.01.31"]
[Round "7.14"]
[White "Al Tamimi, Hamad"]
[Black "Del Rio Angelis, Salvador G"]
[Result "1/2-1/2"]
[WhiteElo "2210"]
[BlackElo "2502"]
[PlyCount "33"]
[EventDate "2005.01.26"]
[EventType "swiss"]
[EventRounds "10"]
[EventCountry "ENG"]
[Source "lmi"]
[SourceDate "2005.02.03"]

1. e4 e6 2. d4 d5 3. Nc3 Bb4 4. e5 c5 5. Bd2 Ne7 6. a3 Bxc3 7. Bxc3 Nbc6 8. Nf3
cxd4 9. Bxd4 Nxd4 10. Qxd4 Nc6 11. Qg4 O-O 12. Bd3 f6 13. Qh5 g6 14. Bxg6 hxg6
15. Qxg6+ Kh8 16. Qh6+ Kg8 17. Qg6+ 1/2-1/2

[Event "Gibtelecom Masters 2005"]
[Site "Gibraltar ENG"]
[Date "2005.01.31"]
[Round "7.15"]
[White "Ward, Christopher"]
[Black "Arakhamia Grant, Ketevan"]
[Result "1-0"]
[WhiteElo "2485"]
[BlackElo "2454"]
[PlyCount "119"]
[EventDate "2005.01.26"]
[EventType "swiss"]
[EventRounds "10"]
[EventCountry "ENG"]
[Source "lmi"]
[SourceDate "2005.02.03"]

1. d4 Nf6 2. c4 g6 3. f3 d5 4. cxd5 Nxd5 5. e4 Nb6 6. Nc3 Bg7 7. Be3 O-O 8. Qd2
Nc6 9. O-O-O e5 10. d5 Nd4 11. Nb5 Nxb5 12. Bxb5 Bd7 13. Be2 c6 14. dxc6 Bxc6
15. Nh3 Qxd2+ 16. Rxd2 h6 17. Nf2 f5 18. b3 Kh7 19. Rhd1 Rac8 20. Kb1 Rc7 21.
Bc5 Rff7 22. Bxb6 axb6 23. Bc4 Rf6 24. Bd5 Bf8 25. Bxc6 bxc6 26. Rd7+ Rf7 27.
Rxc7 Rxc7 28. Nd3 Bd6 29. Nb2 Bc5 30. Nc4 Re7 31. b4 Bd4 32. exf5 gxf5 33. f4
b5 34. Na5 Re6 35. fxe5 Bc3 36. Rc1 Bxb4 37. Nxc6 Bd2 38. Rc2 Bf4 39. g3 Be3
40. Kb2 f4 41. gxf4 Bxf4 42. Kb3 Bxe5 43. Re2 Rxc6 44. Rxe5 Rf6 45. Rxb5 Rf3+
46. Kb4 Rf2 47. a4 Rxh2 48. a5 Ra2 49. Kc5 Kg6 50. Kb6 Rf2 51. a6 Rf6+ 52. Ka5
Rf7 53. Rc5 h5 54. Kb6 h4 55. a7 Rf8 56. Kb7 h3 57. a8=Q Rxa8 58. Kxa8 h2 59.
Rc1 Kf5 60. Rh1 1-0

[Event "Gibtelecom Masters 2005"]
[Site "Gibraltar ENG"]
[Date "2005.01.31"]
[Round "7.16"]
[White "Welling, Gerard"]
[Black "Tregubov, Pavel V"]
[Result "1-0"]
[WhiteElo "2369"]
[BlackElo "2629"]
[PlyCount "75"]
[EventDate "2005.01.26"]
[EventType "swiss"]
[EventRounds "10"]
[EventCountry "ENG"]
[Source "lmi"]
[SourceDate "2005.02.03"]

1. g3 c5 2. Bg2 Nc6 3. c4 g6 4. Nc3 Bg7 5. Nf3 e5 6. d3 Nge7 7. Nd2 a6 8. Nf1
b5 9. Ne3 O-O 10. Ned5 Rb8 11. h4 Nxd5 12. cxd5 Ne7 13. h5 d6 14. hxg6 hxg6 15.
e4 Bd7 16. Be3 Qa5 17. Qd2 f6 18. f4 Rbc8 19. fxe5 fxe5 20. Bh6 Rf7 21. Bxg7
Rxg7 22. Qh6 b4 23. Ne2 c4 24. Bh3 Bxh3 25. Qxh3 Rf8 26. Qh8+ Kf7 27. Rf1+ Nf5
28. Qh6 Ke8 29. Rxf5 gxf5 30. Qxg7 cxd3 31. Qg6+ Rf7 32. Qe6+ Kf8 33. Qxd6+ Kg8
34. Rc1 b3+ 35. Kf2 fxe4+ 36. Kg2 Rg7 37. Qe6+ Kh8 38. Qh6+ 1-0

[Event "Gibtelecom Masters 2005"]
[Site "Gibraltar ENG"]
[Date "2005.01.31"]
[Round "7.17"]
[White "Kekki, Petri"]
[Black "Erenburg, Sergey"]
[Result "0-1"]
[WhiteElo "2362"]
[BlackElo "2551"]
[PlyCount "80"]
[EventDate "2005.01.26"]
[EventType "swiss"]
[EventRounds "10"]
[EventCountry "ENG"]
[Source "lmi"]
[SourceDate "2005.02.03"]

1. d4 d5 2. c4 e6 3. Nc3 c6 4. e3 Nf6 5. Nf3 Nbd7 6. Qc2 Bd6 7. Bd3 O-O 8. O-O
h6 9. e4 dxe4 10. Nxe4 Nxe4 11. Bxe4 c5 12. b3 cxd4 13. Nxd4 Nc5 14. Bh7+ Kh8
15. Rd1 Qe7 16. Nf3 f5 17. Bg6 e5 18. Bb2 Bc7 19. g3 Qf6 20. Nh4 Be6 21. b4 Ne4
22. c5 Ng5 23. Qe2 Nh3+ 24. Kh1 f4 25. f3 fxg3 26. hxg3 Nf4 27. Qe4 Qg5 28. Kh2
Rad8 29. Qc2 e4 30. Qc3 Nh5 31. f4 Bxf4 32. Bxh5 Qxh4+ 33. Kg1 Qxg3+ 34. Qxg3
Bxg3 35. Kh1 e3 36. Kg2 Rxd1 37. Rxd1 Bh4 38. Bc3 Rf5 39. Bf3 e2 40. Rh1 Rg5+
0-1

[Event "Gibtelecom Masters 2005"]
[Site "Gibraltar ENG"]
[Date "2005.01.31"]
[Round "7.18"]
[White "Pert, Nicholas"]
[Black "Kobese, Watu"]
[Result "1-0"]
[WhiteElo "2501"]
[BlackElo "2419"]
[PlyCount "84"]
[EventDate "2005.01.26"]
[EventType "swiss"]
[EventRounds "10"]
[EventCountry "ENG"]
[Source "lmi"]
[SourceDate "2005.02.03"]

1. d4 Nf6 2. Nf3 e6 3. c4 Bb4+ 4. Bd2 Qe7 5. g3 Nc6 6. Nc3 Bxc3 7. Bxc3 Ne4 8.
Rc1 O-O 9. Bg2 Nxc3 10. Rxc3 d6 11. d5 Nb8 12. dxe6 fxe6 13. Nd4 c6 14. O-O e5
15. Nc2 Na6 16. b4 Be6 17. Qd2 Nc7 18. Ne3 Rad8 19. Rd3 Rf6 20. a4 a6 21. b5
axb5 22. axb5 Bxc4 23. Nxc4 Nxb5 24. Qe3 Rdf8 25. Nd2 d5 26. Bxd5+ cxd5 27.
Rxd5 Nd6 28. Rxe5 Qf7 29. Qb3 Rc8 30. Qxf7+ Kxf7 31. Rb1 Re6 32. Rd5 Ke7 33. e4
Rc7 34. e5 Nf7 35. f4 g5 36. Rdb5 Nd8 37. fxg5 Rec6 38. Kf2 Rd7 39. R1b2 Rc1
40. Ne4 Rdd1 41. Rb6 Re1 42. Re2 Rg1 1-0

[Event "Gibtelecom Masters 2005"]
[Site "Gibraltar ENG"]
[Date "2005.01.31"]
[Round "7.19"]
[White "Pert, Richard G"]
[Black "Williams, Simon"]
[Result "1/2-1/2"]
[WhiteElo "2417"]
[BlackElo "2487"]
[PlyCount "39"]
[EventDate "2005.01.26"]
[EventType "swiss"]
[EventRounds "10"]
[EventCountry "ENG"]
[Source "lmi"]
[SourceDate "2005.02.03"]

1. e4 c5 2. Nf3 Nc6 3. d4 cxd4 4. Nxd4 Nf6 5. Nc3 e5 6. Ndb5 d6 7. Bg5 a6 8.
Na3 b5 9. Bxf6 gxf6 10. Nd5 Bg7 11. c3 f5 12. exf5 Bxf5 13. Nc2 O-O 14. Nce3
Be6 15. Bd3 f5 16. O-O Ra7 17. a4 Ne7 18. Nxe7+ Rxe7 19. axb5 axb5 20. Nc2
1/2-1/2

[Event "Gibtelecom Masters 2005"]
[Site "Gibraltar ENG"]
[Date "2005.01.31"]
[Round "7.20"]
[White "Radovanovic, Jovica"]
[Black "Cmilyte, Viktorija"]
[Result "0-1"]
[WhiteElo "2329"]
[BlackElo "2468"]
[PlyCount "35"]
[EventDate "2005.01.26"]
[EventType "swiss"]
[EventRounds "10"]
[EventCountry "ENG"]
[Source "lmi"]
[SourceDate "2005.02.03"]

1. e4 c5 2. Nf3 Nc6 3. Bb5 g6 4. O-O Bg7 5. Re1 Nf6 6. c3 O-O 7. h3 e5 8. d3 d6
9. a3 Qc7 10. Nbd2 h6 11. Nf1 d5 12. Bxc6 bxc6 13. exd5 Nxd5 14. Ne3 Re8 15.
Nc4 Ba6 16. Qa4 Bb5 17. Qb3 Rab8 18. Ne3 0-1